[Event "Gibtelecom Festival 2010 - Masters"]
[Site "Gibraltar ENG"]
[Date "2010.02.04"]
[Round "10.23"]
[White "Dzagnidze, Nana"]
[Black "Benitah, Yohan"]
[Result "1-0"]
[WhiteElo "2506"]
[BlackElo "2390"]
[PlyCount "131"]
[EventDate "2010.01.26"]
[EventType "swiss"]
[EventRounds "10"]
[EventCountry "ENG"]
[Source "lmi"]
[SourceDate "2010.01.26"]

1. d4 d5 2. Nf3 Nf6 3. Bf4 c5 4. c3 Qb6 5. Qb3 Nc6 6. e3 c4 7. Qc2 Bf5 8. Qc1
h6 9. Be2 e6 10. Nbd2 Rc8 11. O-O Be7 12. b3 Qa5 13. bxc4 Ba3 14. Nb3 Bxc1 15.
Nxa5 Nxa5 16. Rfxc1 Nxc4 17. Ne5 O-O 18. Nxc4 dxc4 19. Bd6 Rfe8 20. f3 Bd3 21.
Bxd3 cxd3 22. e4 Rc4 23. Bf4 Nd7 24. Kf2 e5 25. Be3 Nb6 26. dxe5 Na4 27. Bd4
Rec8 28. Ke3 Nxc3 29. Rxc3 Rxc3 30. Bxc3 Rxc3 31. Rd1 Ra3 32. Rxd3 Rxa2 33.
Rd8+ Kh7 34. Rd7 Kg8 35. Rxb7 Rxg2 36. Rxa7 g5 37. h4 gxh4 38. Ra1 h3 39. Rh1
h2 40. f4 Kg7 41. Kf3 Ra2 42. Kg3 Re2 43. Rxh2 Rxe4 44. Kg4 Kg6 45. Ra2 h5+ 46.
Kg3 h4+ 47. Kg4 f5+ 48. Kf3 Rb4 49. Rg2+ Kf7 50. Rg5 Rb3+ 51. Kg2 Ke6 52. Rh5
Rg3+ 53. Kf2 Rg4 54. Ke3 Rg3+ 55. Kd4 Rg4 56. Rh6+ Ke7 57. Rh7+ Ke6 58. Rh6+
Ke7 59. Kd5 Rxf4 60. Rh7+ Kd8 61. e6 Ra4 62. Ke5 f4 63. Rxh4 Ra3 64. Kf6 Re3
65. Kf7 f3 66. Rf4 1-0

[Event "Gibtelecom Festival 2010 - Masters"]
[Site "Gibraltar ENG"]
[Date "2010.02.04"]
[Round "10.25"]
[White "Cmilyte, Viktorija"]
[Black "Lovik, Lasse Ostebo"]
[Result "1-0"]
[WhiteElo "2489"]
[BlackElo "2343"]
[PlyCount "77"]
[EventDate "2010.01.26"]
[EventType "swiss"]
[EventRounds "10"]
[EventCountry "ENG"]
[Source "lmi"]
[SourceDate "2010.01.26"]

1. d4 Nf6 2. c4 e6 3. Nc3 d5 4. Bg5 Be7 5. cxd5 exd5 6. e3 O-O 7. Bd3 c6 8. Qc2
Nbd7 9. Nf3 Re8 10. h3 g6 11. Bf4 Nf8 12. O-O-O Be6 13. g4 Rc8 14. Kb1 b5 15.
Ng5 Qa5 16. Nxe6 Nxe6 17. Be5 b4 18. Qa4 Qb6 19. Ne2 c5 20. f4 c4 21. Bc2 Qb7
22. f5 Nf8 23. g5 N6d7 24. f6 Bd8 25. Nf4 Ne6 26. h4 Nxf4 27. exf4 Re6 28. h5
Nf8 29. hxg6 fxg6 30. f5 Ra6 31. fxg6 hxg6 32. f7+ Kxf7 33. Rdf1+ Ke7 34. Bf6+
Kd6 35. Be5+ Ke7 36. Bf6+ Kd6 37. Qe8 Be7 38. Be5+ Ke6 39. Rf6# 1-0

[Event "Gibtelecom Festival 2010 - Masters"]
[Site "Gibraltar ENG"]
[Date "2010.02.04"]
[Round "10.27"]
[White "Andre, Gordon"]
[Black "Harika, Dronavalli"]
[Result "0-1"]
[WhiteElo "2308"]
[BlackElo "2471"]
[PlyCount "64"]
[EventDate "2010.01.26"]
[EventType "swiss"]
[EventRounds "10"]
[EventCountry "ENG"]
[Source "lmi"]
[SourceDate "2010.01.26"]

1. d4 Nf6 2. c4 d6 3. Nc3 Nbd7 4. e4 e5 5. d5 Nc5 6. f3 a5 7. Be3 Be7 8. Nge2
O-O 9. Qd2 Ne8 10. O-O-O f5 11. exf5 Bxf5 12. Ng3 Bg6 13. Be2 a4 14. Nge4 Nxe4
15. Nxe4 c6 16. Nc3 Nf6 17. g4 cxd5 18. Nxd5 Nxd5 19. Qxd5+ Bf7 20. Qe4 d5 21.
Rxd5 Bxd5 22. cxd5 Bg5 23. Rd1 a3 24. Kb1 Bxe3 25. Qxe3 Qd6 26. Bd3 axb2 27.
Bf5 Ra3 28. Qe4 g6 29. Be6+ Kg7 30. Rd3 Rf4 31. Qe3 Rxd3 32. Qxd3 Qc5 0-1

[Event "Gibtelecom Festival 2010 - Masters"]
[Site "Gibraltar ENG"]
[Date "2010.02.04"]
[Round "10.28"]
[White "Siebrecht, Sebastian"]
[Black "Peek, Marcel"]
[Result "1-0"]
[WhiteElo "2468"]
[BlackElo "2342"]
[PlyCount "113"]
[EventDate "2010.01.26"]
[EventType "swiss"]
[EventRounds "10"]
[EventCountry "ENG"]
[Source "lmi"]
[SourceDate "2010.01.26"]

1. d4 f5 2. Nc3 Nf6 3. Bg5 d5 4. Bxf6 exf6 5. e3 Be6 6. Qf3 Qd7 7. a3 Nc6 8.
Bb5 a6 9. Bd3 Ne7 10. Nge2 Rd8 11. h3 h5 12. O-O-O Nc8 13. Kb1 Nb6 14. Nc1 Qc8
15. Nb3 Nc4 16. Bxc4 dxc4 17. Nc5 Bxc5 18. dxc5 O-O 19. Qxh5 b6 20. e4 fxe4 21.
Nxe4 Bf7 22. Qf3 Qe6 23. Qf4 Qc6 24. cxb6 cxb6 25. Nd6 c3 26. Nxf7 Kxf7 27.
bxc3 Rfe8 28. Rxd8 Rxd8 29. Re1 Qxc3 30. Qe4 Qxa3 31. Qe6+ Kf8 32. Qxb6 Qd6 33.
Qxd6+ Rxd6 34. Kc1 Kf7 35. c3 a5 36. Kc2 g5 37. c4 Rb6 38. Kc3 a4 39. Re2 Rb3+
40. Kd4 a3 41. Ra2 Ke6 42. c5 Rb2 43. Rxa3 Rxf2 44. g3 Rh2 45. g4 Rf2 46. Ra6+
Kd7 47. Kd5 Rd2+ 48. Ke4 Rf2 49. Rd6+ Kc7 50. Kd5 f5 51. Rg6 Rd2+ 52. Ke5 fxg4
53. hxg4 Rc2 54. Kd4 Rd2+ 55. Ke4 Rf2 56. Rxg5 Kc6 57. Rf5 1-0

[Event "Gibtelecom Festival 2010 - Masters"]
[Site "Gibraltar ENG"]
[Date "2010.02.04"]
[Round "10.32"]
[White "Fokin, Sergey"]
[Black "Nezad, Husein Aziz"]
[Result "0-1"]
[WhiteElo "2109"]
[BlackElo "2408"]
[PlyCount "158"]
[EventDate "2010.01.26"]
[EventType "swiss"]
[EventRounds "10"]
[EventCountry "ENG"]
[Source "lmi"]
[SourceDate "2010.01.26"]

1. d4 d5 2. c4 e6 3. Nf3 Nf6 4. g3 Bb4+ 5. Bd2 Be7 6. Bg2 O-O 7. O-O c6 8. Qc2
b6 9. Bf4 Nbd7 10. Nbd2 Ba6 11. Ne5 Nxe5 12. Bxe5 Ng4 13. h3 Nxe5 14. dxe5 Rc8
15. Rfd1 Qc7 16. f4 Bb4 17. b3 Qe7 18. e4 Qc5+ 19. Kh2 b5 20. exd5 cxd5 21. Nf3
bxc4 22. Bf1 Qb6 23. Qe2 Rc7 24. a3 Bc5 25. b4 Be7 26. Nd4 Bc8 27. Qe3 Bd7 28.
Qc3 Ra8 29. Rab1 g6 30. Rd2 Bf8 31. h4 a5 32. b5 Qc5 33. a4 Qa3 34. Qxa3 Bxa3
35. Rc2 Bc5 36. Rd1 Bb6 37. Kg2 Kg7 38. Be2 Re8 39. h5 c3 40. hxg6 hxg6 41. Kf3
Rec8 42. Bf1 Rh8 43. Kg2 g5 44. fxg5 Rh5 45. Nf3 Rh8 46. Bd3 Bc8 47. g4 Bb7 48.
Kg3 Be3 49. Be2 Rd8 50. Rh1 d4 51. Bd3 Rh8 52. Rxh8 Kxh8 53. Re2 Kg7 54. Ne1
Bxg5 55. Nc2 Rc8 56. Rh2 Rc5 57. Re2 Kf8 58. Re1 Ke7 59. Re2 Rc8 60. Rh2 Rc5
61. Re2 Ba8 62. Re1 Rc8 63. Rb1 Bb7 64. Re1 Rf8 65. Rd1 Bd2 66. Rf1 Rh8 67. Rg1
f6 68. exf6+ Kxf6 69. Rf1+ Ke7 70. Bg6 Bd5 71. Nxd4 e5 72. Nc2 Bf4+ 73. Rxf4
exf4+ 74. Kxf4 Kd6 75. Ke3 Kc5 76. Bf5 Rh3+ 77. Kf4 Bb3 78. Na1 Bxa4 79. g5 Rh1
0-1

[Event "Gibtelecom Festival 2010 - Masters"]
[Site "Gibraltar ENG"]
[Date "2010.02.04"]
[Round "10.34"]
[White "Kawuma, Steven Male"]
[Black "Maze, Sebastien"]
[Result "0-1"]
[WhiteElo "2187"]
[BlackElo "2554"]
[PlyCount "44"]
[EventDate "2010.01.26"]
[EventType "swiss"]
[EventRounds "10"]
[EventCountry "ENG"]
[Source "lmi"]
[SourceDate "2010.01.26"]

1. e4 c5 2. Nf3 Nc6 3. d4 cxd4 4. Nxd4 g6 5. Nc3 Bg7 6. Be3 Nf6 7. Bc4 Qa5 8.
f3 Qb4 9. Bb3 O-O 10. a3 Qa5 11. Qd2 d6 12. O-O-O Bd7 13. Kb1 Rfc8 14. Nxc6
bxc6 15. Nd5 Qxd2 16. Nxf6+ Bxf6 17. Rxd2 c5 18. c4 Rab8 19. Ka2 Rb7 20. Bd1
Rcb8 21. b3 Be6 22. a4 Bxc4 0-1

[Event "Gibtelecom Festival 2010 - Masters"]
[Site "Gibraltar ENG"]
[Date "2010.02.04"]
[Round "10.35"]
[White "Tate, Alan"]
[Black "Battaglini, Gabriel"]
[Result "0-1"]
[WhiteElo "2211"]
[BlackElo "2411"]
[PlyCount "71"]
[EventDate "2010.01.26"]
[EventType "swiss"]
[EventRounds "10"]
[EventCountry "ENG"]
[Source "lmi"]
[SourceDate "2010.01.26"]

1. e4 e6 2. d4 d5 3. Nd2 Nf6 4. e5 Nfd7 5. Bd3 c5 6. c3 Nc6 7. Ngf3 Be7 8. O-O
g5 9. dxc5 g4 10. Nd4 Ncxe5 11. Bb5 a6 12. Bxd7+ Bxd7 13. f4 gxf3 14. N2xf3 Ng6
15. b4 f6 16. Bh6 Qc7 17. Kh1 Rg8 18. Qd2 Ne5 19. Nxe5 fxe5 20. Nf3 O-O-O 21.
Rae1 Bf6 22. Ng5 Rg6 23. Nf7 Rdg8 24. Rg1 d4 25. Nd6+ Kb8 26. cxd4 exd4 27. Bf4
Bg5 28. Bxg5 Rxg5 29. Qxd4 Bc6 30. Ne4 Rg4 31. h3 Qf4 32. Qd6+ Qxd6 33. Nxd6
Bxg2+ 34. Rxg2 Rxg2 35. h4 R2g4 36. Re4 0-1

[Event "Gibtelecom Festival 2010 - Masters"]
[Site "Gibraltar ENG"]
[Date "2010.02.04"]
[Round "10.36"]
[White "Saravanan, V."]
[Black "Tscharotschkin, Michael"]
[Result "1-0"]
[WhiteElo "2356"]
[BlackElo "2211"]
[PlyCount "79"]
[EventDate "2010.01.26"]
[EventType "swiss"]
[EventRounds "10"]
[EventCountry "ENG"]
[Source "lmi"]
[SourceDate "2010.01.26"]

1. Nf3 d5 2. d4 Nf6 3. c4 c6 4. e3 Bf5 5. Nc3 e6 6. Nh4 Bg6 7. Bd2 Nbd7 8. Rc1
Be7 9. Nxg6 hxg6 10. g3 g5 11. Qe2 Ne4 12. Nxe4 dxe4 13. Bg2 f5 14. b4 Nf6 15.
f3 exf3 16. Bxf3 g4 17. Bg2 Kf7 18. Bc3 Bd6 19. Kd2 Qe7 20. c5 Bc7 21. e4 a5
22. b5 cxb5 23. exf5 e5 24. Qxb5 exd4 25. Qc4+ Kf8 26. Bxd4 Rd8 27. Kc2 Qd7 28.
Rcd1 Qxf5+ 29. Kc1 Qg5+ 30. Kb1 Qf5+ 31. Qc2 Qxc2+ 32. Kxc2 Kf7 33. Bxb7 Rh5
34. Rd2 Nd5 35. Rf1+ Kg6 36. a3 Be5 37. Bg1 Ne3+ 38. Bxe3 Rxd2+ 39. Bxd2 Rxh2
40. Be4+ 1-0

[Event "Gibtelecom Festival 2010 - Masters"]
[Site "Gibraltar ENG"]
[Date "2010.02.04"]
[Round "10.37"]
[White "Henriksson, Johan"]
[Black "Camus de Solliers, Guillau"]
[Result "1/2-1/2"]
[WhiteElo "2204"]
[BlackElo "2356"]
[PlyCount "99"]
[EventDate "2010.01.26"]
[EventType "swiss"]
[EventRounds "10"]
[EventCountry "ENG"]
[Source "lmi"]
[SourceDate "2010.01.26"]

1. d4 e6 2. Nf3 Nf6 3. g3 b6 4. Bg2 Bb7 5. O-O Be7 6. c4 O-O 7. Nc3 Ne4 8. Qc2
Nxc3 9. Qxc3 f5 10. Nd2 Bxg2 11. Kxg2 Qc8 12. d5 Na6 13. e4 Qb7 14. f3 c6 15.
dxe6 dxe6 16. a3 c5 17. Re1 Bf6 18. Qc2 Rad8 19. Nb3 Qd7 20. e5 Be7 21. Be3 Qd3
22. Qxd3 Rxd3 23. Nc1 Rd7 24. Nb3 Rfd8 25. Kf2 Nb8 26. Ke2 g5 27. Rad1 Nc6 28.
Rxd7 Rxd7 29. f4 Kf7 30. Rd1 Rxd1 31. Kxd1 gxf4 32. gxf4 Kg6 33. Ke2 Bh4 34.
Nd2 Kh5 35. Nf3 Kg4 36. Bd2 Be7 37. Ng1 Nd4+ 38. Kf2 Nb3 39. h3+ Kh5 40. Nf3
Bh4+ 41. Kg2 Be7 42. Kf2 a6 43. Ke2 Bh4 44. Be3 Na5 45. Kd3 Be7 46. b4 Nb7 47.
Kc3 h6 48. Bf2 Bd8 49. Kb3 Be7 50. Kc3 1/2-1/2

[Event "Gibtelecom Festival 2010 - Masters"]
[Site "Gibraltar ENG"]
[Date "2010.02.04"]
[Round "10.38"]
[White "Weeramantry, Sunil"]
[Black "Dittmar, Peter"]
[Result "0-1"]
[WhiteElo "2201"]
[BlackElo "2341"]
[PlyCount "64"]
[EventDate "2010.01.26"]
[EventType "swiss"]
[EventRounds "10"]
[EventCountry "ENG"]
[Source "lmi"]
[SourceDate "2010.01.26"]

1. e4 c6 2. d4 d5 3. exd5 cxd5 4. Bd3 Nc6 5. c3 Qc7 6. Ne2 Bg4 7. f3 Bh5 8. Nf4
Nf6 9. g4 Bg6 10. g5 Nh5 11. Nxd5 Qd7 12. Be4 e6 13. Nf4 Bd6 14. Nxh5 Bxh5 15.
Be3 Qc7 16. Qe2 O-O 17. Nd2 Ne7 18. O-O Nd5 19. Bxd5 exd5 20. Rae1 Rae8 21. Qg2
Bg6 22. Bf2 Bd3 23. Rxe8 Rxe8 24. Re1 Rxe1+ 25. Bxe1 Qe7 26. Bg3 Qe3+ 27. Kh1
Be2 28. Bxd6 Qxd2 29. Qg4 Qe1+ 30. Kg2 Bf1+ 31. Kh1 Bh3+ 32. Qg1 Qe2 0-1

[Event "Gibtelecom Festival 2010 - Masters"]
[Site "Gibraltar ENG"]
[Date "2010.02.04"]
[Round "10.39"]
[White "Kvisla, Johannes Luangtep"]
[Black "Sedina, Elena"]
[Result "1/2-1/2"]
[WhiteElo "2161"]
[BlackElo "2335"]
[PlyCount "97"]
[EventDate "2010.01.26"]
[EventType "swiss"]
[EventRounds "10"]
[EventCountry "ENG"]
[Source "lmi"]
[SourceDate "2010.01.26"]

1. d4 d5 2. c4 c6 3. Nf3 Nf6 4. Nc3 dxc4 5. a4 a5 6. e4 Bg4 7. Bxc4 e6 8. Be3
Bb4 9. Bd3 Nbd7 10. O-O O-O 11. h3 Bh5 12. e5 Nd5 13. Nxd5 cxd5 14. g4 Bg6 15.
Ng5 Be7 16. Bxg6 hxg6 17. Nf3 Qb6 18. Qe2 Rfc8 19. Rfc1 Rc6 20. Ne1 Rac8 21.
Rxc6 Rxc6 22. Qb5 Qc7 23. Nd3 g5 24. Rc1 f6 25. exf6 Rxc1+ 26. Nxc1 gxf6 27.
Bd2 b6 28. Qd3 Nf8 29. b3 Bb4 30. Ne2 Bxd2 31. Qxd2 Ng6 32. Qe3 Kf7 33. Qd3 Kg7
34. Qe3 Qc6 35. f4 gxf4 36. Nxf4 Nxf4 37. Qxf4 Qc2 38. g5 fxg5 39. Qxg5+ Kf7
40. Qf4+ Ke7 41. Qg5+ Kd7 42. Qe3 Qg6+ 43. Kh2 Qc2+ 44. Kg1 Qb1+ 45. Kh2 Qg6
46. Kh1 Kc6 47. Qc1+ Kd7 48. Qe3 Qc2 49. Kg1 1/2-1/2

[Event "Gibtelecom Festival 2010 - Masters"]
[Site "Gibraltar ENG"]
[Date "2010.02.04"]
[Round "10.40"]
[White "Gandrud, Vegar Koi"]
[Black "Kantans, Toms"]
[Result "1/2-1/2"]
[WhiteElo "2158"]
[BlackElo "2303"]
[PlyCount "81"]
[EventDate "2010.01.26"]
[EventType "swiss"]
[EventRounds "10"]
[EventCountry "ENG"]
[Source "lmi"]
[SourceDate "2010.01.26"]

1. d4 Nf6 2. c4 c5 3. d5 b5 4. Nf3 g6 5. cxb5 a6 6. b6 Qxb6 7. Nc3 d6 8. Nd2
Bg7 9. Nc4 Qb4 10. e3 Nbd7 11. a3 Qb7 12. e4 O-O 13. Bd3 Nb6 14. O-O Nxc4 15.
Bxc4 Rb8 16. Rb1 Ng4 17. Bg5 f5 18. Be2 Nxf2 19. Rxf2 Bxc3 20. Bxe7 Qxe7 21.
bxc3 Rxb1 22. Qxb1 Qe5 23. exf5 Bxf5 24. Qb6 Rf6 25. Bxa6 Qxd5 26. Bf1 Kg7 27.
a4 Rf7 28. a5 Rb7 29. Qd8 Rd7 30. Qe8 Qb7 31. a6 Qc7 32. Ra2 Re7 33. Qb5 Qa7
34. Qc6 c4+ 35. Rf2 Bd3 36. Qxd6 Qe3 37. Qf6+ Kh6 38. Qh4+ Kg7 39. Qf6+ Kh6 40.
Qh4+ Kg7 41. Qf6+ 1/2-1/2

[Event "Gibtelecom Festival 2010 - Masters"]
[Site "Gibraltar ENG"]
[Date "2010.02.04"]
[Round "10.45"]
[White "Overeem, Marc"]
[Black "Fegan, Chris"]
[Result "1/2-1/2"]
[WhiteElo "2245"]
[BlackElo "2093"]
[PlyCount "84"]
[EventDate "2010.01.26"]
[EventType "swiss"]
[EventRounds "10"]
[EventCountry "ENG"]
[Source "lmi"]
[SourceDate "2010.01.26"]

1. c4 g6 2. e4 Bg7 3. d4 d6 4. Nc3 e5 5. dxe5 dxe5 6. Qxd8+ Kxd8 7. f4 exf4 8.
Bxf4 Bxc3+ 9. bxc3 c6 10. O-O-O+ Ke8 11. Nf3 f6 12. e5 Bg4 13. exf6 Bxf3 14.
gxf3 Nxf6 15. Bh3 Kf7 16. Rhe1 Na6 17. Be6+ Kg7 18. Bd6 Rad8 19. f4 Rhe8 20.
Kc2 b6 21. f5 Nc5 22. Bxc5 bxc5 23. Rxd8 Rxd8 24. Re5 Ng4 25. Rxc5 Rd6 26. Kb3
Nxh2 27. Ra5 Kf6 28. c5 Rd8 29. Rxa7 gxf5 30. Bc4 h5 31. Rc7 Nf3 32. Be2 Nd2+
33. Kb4 h4 34. Rh7 Ne4 35. Rxh4 Rd2 36. Bc4 Kg5 37. Rh8 Rb2+ 38. Bb3 f4 39.
Rg8+ Kf5 40. Rf8+ Kg4 41. Rg8+ Kf5 42. Rf8+ Kg4 1/2-1/2

[Event "Gibtelecom Festival 2010 - Masters"]
[Site "Gibraltar ENG"]
[Date "2010.02.04"]
[Round "10.46"]
[White "Al-Tamimi, Hamad"]
[Black "Bindrich, Oswald"]
[Result "1/2-1/2"]
[WhiteElo "2238"]
[BlackElo "2173"]
[PlyCount "83"]
[EventDate "2010.01.26"]
[EventType "swiss"]
[EventRounds "10"]
[EventCountry "ENG"]
[Source "lmi"]
[SourceDate "2010.01.26"]

1. e4 c5 2. Nf3 d6 3. Bb5+ Nd7 4. d4 Ngf6 5. Nc3 cxd4 6. Qxd4 e5 7. Qd3 h6 8.
O-O Be7 9. Be3 O-O 10. Rfd1 Nb8 11. b3 Be6 12. Bc4 Nc6 13. a3 a6 14. Nd2 b5 15.
Bd5 Rc8 16. Bxc6 Rxc6 17. Nd5 Bxd5 18. exd5 Rc8 19. a4 Nh5 20. Qe2 Nf4 21. Bxf4
exf4 22. axb5 axb5 23. c3 b4 24. cxb4 Rc2 25. Qe4 Rb2 26. Rab1 Ra2 27. b5 Bf6
28. b6 Qa8 29. Qc4 Rb8 30. b7 Qa7 31. Qc8+ Kh7 32. Qf5+ Kg8 33. Qc8+ Kh7 34.
Qf5+ Kg8 35. Ne4 Bd4 36. Qc8+ Kh7 37. Qf5+ Kg8 38. Qc8+ Kh7 39. Qf5+ Kg8 40.
Rdc1 Bxf2+ 41. Kh1 Bc5 42. Nxc5 1/2-1/2

[Event "Gibtelecom Festival 2010 - Masters"]
[Site "Gibraltar ENG"]
[Date "2010.02.04"]
[Round "10.47"]
[White "Havik, Victor"]
[Black "Arvola, Benjamin"]
[Result "0-1"]
[WhiteElo "2093"]
[BlackElo "2218"]
[PlyCount "70"]
[EventDate "2010.01.26"]
[EventType "swiss"]
[EventRounds "10"]
[EventCountry "ENG"]
[Source "lmi"]
[SourceDate "2010.01.26"]

1. d4 f5 2. c4 e6 3. g3 Nf6 4. Bg2 c6 5. Nh3 d6 6. Nc3 Be7 7. O-O e5 8. dxe5
dxe5 9. Qc2 Na6 10. a3 Nc5 11. b4 Ne6 12. e3 a5 13. b5 e4 14. Rd1 Qc7 15. Bb2
Ng4 16. bxc6 bxc6 17. Nxe4 fxe4 18. Qxe4 Rb8 19. Qxc6+ Qxc6 20. Bxc6+ Kf7 21.
Bc3 Bf6 22. Bxf6 Kxf6 23. Bb5 Nc7 24. Nf4 Nxb5 25. Nd5+ Ke5 26. f4+ Ke4 27.
Rab1 Be6 28. Rxb5 Bxd5 29. Rbxd5 Nxe3 30. Re5+ Kf3 31. Re1 Rb3 32. Rxa5 Rd8 33.
Re5 Rd2 34. c5 Rg2+ 35. Kh1 Ng4 0-1

[Event "Gibtelecom Festival 2010 - Masters"]
[Site "Gibraltar ENG"]
[Date "2010.02.04"]
[Round "10.49"]
[White "Lasinskas, Povilas"]
[Black "Arakhamia-Grant, Ketevan"]
[Result "0-1"]
[WhiteElo "2174"]
[BlackElo "2470"]
[PlyCount "88"]
[EventDate "2010.01.26"]
[EventType "swiss"]
[EventRounds "10"]
[EventCountry "ENG"]
[Source "lmi"]
[SourceDate "2010.01.26"]

1. d4 Nf6 2. c4 g6 3. Nc3 Bg7 4. e4 d6 5. h3 O-O 6. Nf3 Na6 7. Bg5 c6 8. Bd3
Qe8 9. O-O e5 10. d5 Nh5 11. Bc2 h6 12. Be3 c5 13. a3 f5 14. exf5 gxf5 15. Nh4
Nc7 16. g4 fxg4 17. hxg4 Nf4 18. Bxf4 Rxf4 19. Qd3 Rxg4+ 20. Ng2 Qh5 21. Qh7+
Kf8 22. Be4 Ne8 23. f4 exf4 24. Ne2 Nf6 25. Nexf4 Nxh7 26. Nxh5+ Kg8 27. Bxh7+
Kxh7 28. Rf7 Rg5 29. Rxg7+ Rxg7 30. Nxg7 Kxg7 31. Re1 Bf5 32. Re7+ Kf6 33. Rxb7
a5 34. Kf2 h5 35. Rb6 Ke5 36. Ke3 Rg8 37. Nh4 Be4 38. Nf3+ Bxf3 39. Kxf3 a4 40.
b3 axb3 41. Rxb3 Kd4 42. Rb6 Rd8 43. a4 Kxc4 44. Ke4 Re8+ 0-1

[Event "Gibtelecom Festival 2010 - Masters"]
[Site "Gibraltar ENG"]
[Date "2010.02.04"]
[Round "10.51"]
[White "Nilsen, Joachim Birger"]
[Black "Calzetta Ruiz, Monica"]
[Result "0-1"]
[WhiteElo "2152"]
[BlackElo "2359"]
[PlyCount "100"]
[EventDate "2010.01.26"]
[EventType "swiss"]
[EventRounds "10"]
[EventCountry "ENG"]
[Source "lmi"]
[SourceDate "2010.01.26"]

1. e4 c5 2. Nf3 Nc6 3. d4 cxd4 4. Nxd4 g6 5. c4 Nf6 6. Nc3 d6 7. Be2 Nxd4 8.
Qxd4 Bg7 9. Bg5 O-O 10. Qd2 a5 11. O-O a4 12. Rab1 Be6 13. f3 Qa5 14. Rfc1 Rfc8
15. Nb5 Qxd2 16. Bxd2 Nd7 17. Be3 Nc5 18. Nc3 Rc6 19. Nd5 Kf8 20. g4 f5 21.
exf5 gxf5 22. h3 fxg4 23. hxg4 Bf7 24. f4 Bxd5 25. cxd5 Rb6 26. Rc2 Rb4 27. Kg2
a3 28. b3 Nxb3 29. Rc4 Rxc4 30. Bxc4 Na5 31. Bd3 Rc8 32. Rc1 Rxc1 33. Bxc1 Bb2
34. Bd2 Nb3 35. Be3 Bd4 36. Kf3 Bxe3 37. Kxe3 h6 38. Bb1 Nc5 39. Kd4 Nd7 40.
Bf5 Nf6 41. Be6 h5 42. gxh5 Nxh5 43. Bc8 b6 44. f5 Kg7 45. Kc3 Nf4 46. Bb7 Kf6
47. Kb3 Kxf5 48. Kxa3 Ke5 49. Kb4 Nxd5+ 50. Kc4 Nc7 0-1

[Event "Gibtelecom Festival 2010 - Masters"]
[Site "Gibraltar ENG"]
[Date "2010.02.04"]
[Round "10.52"]
[White "Zozulia, Anna"]
[Black "Arnott, Jonathan W"]
[Result "1-0"]
[WhiteElo "2321"]
[BlackElo "2154"]
[PlyCount "79"]
[EventDate "2010.01.26"]
[EventType "swiss"]
[EventRounds "10"]
[EventCountry "ENG"]
[Source "lmi"]
[SourceDate "2010.01.26"]

1. e4 e6 2. d4 d5 3. Nd2 Nf6 4. e5 Nfd7 5. f4 c5 6. c3 Nc6 7. Ndf3 Qb6 8. Ne2
cxd4 9. cxd4 Bb4+ 10. Bd2 f6 11. Bxb4 Qxb4+ 12. Qd2 O-O 13. Nc3 fxe5 14. fxe5
Rxf3 15. gxf3 Nxd4 16. Bg2 Nxe5 17. O-O Qb6 18. Kh1 Bd7 19. Rad1 Nec6 20. f4
Kh8 21. Na4 Qc7 22. Nc5 Re8 23. b4 Nf5 24. Rc1 b6 25. Nd3 Qd6 26. b5 Ncd4 27.
Ne5 Kg8 28. Rfd1 g5 29. Qb2 Nxb5 30. fxg5 Ne3 31. Re1 d4 32. Rxe3 dxe3 33. Ng4
Qd4 34. Nf6+ Kh8 35. Qc2 Re7 36. Rd1 Qh4 37. Nxd7 Rxd7 38. Qc8+ Kg7 39. Qxd7+
Kg6 40. Qxe6+ 1-0

[Event "Gibtelecom Festival 2010 - Masters"]
[Site "Gibraltar ENG"]
[Date "2010.02.04"]
[Round "10.53"]
[White "Tozer, Philip"]
[Black "Videnova, Iva"]
[Result "1/2-1/2"]
[WhiteElo "2119"]
[BlackElo "2301"]
[PlyCount "99"]
[EventDate "2010.01.26"]
[EventType "swiss"]
[EventRounds "10"]
[EventCountry "ENG"]
[Source "lmi"]
[SourceDate "2010.01.26"]

1. c4 c5 2. g3 g6 3. Nc3 Bg7 4. Bg2 Nc6 5. a3 e6 6. b4 d6 7. Rb1 Nge7 8. e3 O-O
9. Nge2 cxb4 10. axb4 a5 11. b5 Ne5 12. d3 Rb8 13. Nd4 b6 14. f4 Nd7 15. Bb2
Nf6 16. Nc6 Nxc6 17. bxc6 d5 18. Nb5 Qe8 19. c7 Ra8 20. Ba3 Qd7 21. Bxf8 Bxf8
22. O-O Ba6 23. Qc2 Rc8 24. Rfc1 Bc5 25. d4 Bb4 26. cxd5 Nxd5 27. Bxd5 Qxd5 28.
Nc3 Bxc3 29. Rxb6 Bxd4 30. exd4 Bb7 31. Rxb7 Qxb7 32. Qc5 a4 33. Rc4 a3 34.
Qxa3 Rxc7 35. Rxc7 Qxc7 36. Qc5 Qb8 37. Qe5 Qxe5 38. dxe5 Kf8 39. Kf2 Ke7 40.
Ke3 Kd7 41. Kd4 Kc6 42. Kc4 Kb6 43. Kb4 h6 44. h3 Kc6 45. Kc4 Kb6 46. Kb4 h5
47. h4 Kc6 48. Kc4 Kb6 49. Kb4 Kc6 50. Kc4 1/2-1/2

[Event "Gibtelecom Festival 2010 - Masters"]
[Site "Gibraltar ENG"]
[Date "2010.02.04"]
[Round "10.57"]
[White "Duhayon, Yves"]
[Black "Andersson, Lars"]
[Result "1/2-1/2"]
[WhiteElo "2241"]
[BlackElo "2132"]
[PlyCount "101"]
[EventDate "2010.01.26"]
[EventType "swiss"]
[EventRounds "10"]
[EventCountry "ENG"]
[Source "lmi"]
[SourceDate "2010.01.26"]

1. d4 f5 2. c4 Nf6 3. Nc3 d6 4. Bg5 Nbd7 5. Qc2 g6 6. e3 e5 7. dxe5 dxe5 8.
O-O-O c6 9. g4 fxg4 10. h3 Qa5 11. hxg4 Bg7 12. Bxf6 Nxf6 13. g5 Nh5 14. Be2
Bf5 15. e4 Be6 16. Bxh5 gxh5 17. Nge2 Bg4 18. Ng3 Rd8 19. Rxd8+ Qxd8 20. Qd2
Qxd2+ 21. Kxd2 O-O 22. Ke1 Rd8 23. Nxh5 b5 24. cxb5 cxb5 25. Nf6+ Bxf6 26. gxf6
h5 27. Nd5 Kf7 28. Rg1 Ke6 29. Kd2 Bf3 30. Ke3 Bxe4 31. Nc7+ Kf5 32. f7 Rf8 33.
Nxb5 Bd5 34. Nd6+ Ke6 35. Ne4 Kxf7 36. Rg5 Bxa2 37. Rxh5 Ke6 38. Rh6+ Kf5 39.
Ra6 Bd5 40. Ng3+ Kg4 41. Rxa7 Rf3+ 42. Ke2 Rb3 43. Ra4+ Kh3 44. Ne4 Bxe4 45.
Rxe4 Rxb2+ 46. Kf3 Rb3+ 47. Re3 Rb5 48. Ke4+ Kg2 49. Kf5 Kxf2 50. Rxe5 Rxe5+
51. Kxe5 1/2-1/2

[Event "Gibtelecom Festival 2010 - Masters"]
[Site "Gibraltar ENG"]
[Date "2010.02.04"]
[Round "10.58"]
[White "Rioseco Pinochet, Fernan"]
[Black "Osuna Vega, Enrique"]
[Result "1/2-1/2"]
[WhiteElo "2226"]
[BlackElo "2128"]
[PlyCount "201"]
[EventDate "2010.01.26"]
[EventType "swiss"]
[EventRounds "10"]
[EventCountry "ENG"]
[Source "lmi"]
[SourceDate "2010.01.26"]

1. e4 e6 2. d4 d5 3. e5 c5 4. c3 Nc6 5. Nf3 Qb6 6. Be2 Nh6 7. Bxh6 gxh6 8. b3
Bg7 9. O-O O-O 10. Qd2 Bd7 11. Qe3 cxd4 12. cxd4 Nb4 13. Rc1 Rac8 14. Nc3 a5
15. Rab1 Qa7 16. a3 Na6 17. b4 axb4 18. axb4 b5 19. Nxb5 Bxb5 20. Bxb5 Rxc1+
21. Qxc1 Rb8 22. Bxa6 Qxa6 23. Qf1 Qa4 24. b5 Bf8 25. b6 Bb4 26. Qc1 Rxb6 27.
Ra1 Rc6 28. Qb1 Ba3 29. h4 Qb4 30. Qd1 Qb2 31. Kh2 Bf8 32. Ne1 Rc8 33. Kg1 Qc3
34. Rb1 Bg7 35. Qg4 Kh8 36. Nf3 Qc2 37. Rb7 Rc7 38. Rb8+ Rc8 39. Rxc8+ Qxc8 40.
Qf4 Kg8 41. g4 Qc2 42. Kg2 Qb1 43. h5 Qb7 44. g5 hxg5 45. Qxg5 h6 46. Qf4 Qb1
47. Nh2 Qb8 48. Ng4 Qf8 49. Qe3 Kh7 50. Qd3+ Kh8 51. f4 Qd8 52. Kh3 Qc8 53. Ne3
Qc1 54. Kh2 Qe1 55. Ng2 Qf2 56. Qe3 Qxe3 57. Nxe3 Bf8 58. f5 Bb4 59. fxe6 fxe6
60. Kg2 Bc3 61. Nc2 Kg7 62. Kf3 Kf7 63. Ke2 Ba5 64. Kd3 Bd8 65. Kc3 Be7 66. Kb3
Ke8 67. Ka4 Kd7 68. Kb5 Bg5 69. Nb4 Kc7 70. Nd3 Kd7 71. Nc5+ Ke7 72. Kc6 Be3
73. Nb3 Bf2 74. Kc5 Kd7 75. Nc1 Be3 76. Nd3 Kc7 77. Nb4 Kd7 78. Nxd5 exd5 79.
Kxd5 Bc1 80. Ke4 Ke7 81. d5 Bb2 82. Kf5 Ba3 83. d6+ Bxd6 84. exd6+ Kxd6 85. Kf6
Kd7 86. Kf7 Kd6 87. Kg6 Ke6 88. Kg7 Kf5 89. Kxh6 Kf6 90. Kh7 Kf7 91. Kh8 Kf8
92. Kh7 Kf7 93. Kh6 Kf8 94. Kg6 Kg8 95. Kg5 Kh7 96. h6 Kh8 97. Kg6 Kg8 98. Kf6
Kh7 99. Kg5 Kh8 100. Kg6 Kg8 101. Kg5 1/2-1/2